El traductor

I tiakina i:
Ngā taipitopito rārangi puna kōrero
Kaituhi matua: Martínez Wilson, Guillermo (autor)
Hōputu: Pukapuka
Reo:Pāniora
I whakaputaina: Santiago Etnika 2015
Putanga:1a. ed
Ngā marau:
Ngā Tūtohu: Tāpirihia he Tūtohu
Kāore He Tūtohu, Me noho koe te mea tuatahi ki te tūtohu i tēnei pūkete!

MARC

LEADER 00000cam a2200000 a 4500
001 UCC1105
003 CL-VaPUC
008 170929e20150000cl |||||||||||||||||spa|d
020 |a 9789569257056 
082 0 4 |a Ch863  |b MAR  |2 21 
100 |a Martínez Wilson, Guillermo  |e autor  |9 595148 
245 1 3 |a El traductor 
250 |a 1a. ed 
300 |a 88 p 
942 |c BK 
945 |d 20170929 13:43:00  |a dcastane 
260 |a Santiago  |b Etnika  |c 2015 
650 0 |a Novelas chilenas   |9 265425 
650 0 |a Literatura chilena   |9 308278 
583 |a last modification  |c 20170929 13:43:00  |k Rodrigo Vera 
999 |c 369685  |d 369683 
952 |0 0  |1 0  |3 erb  |4 0  |6 CH_863_000000000000000_MAR_2015  |7 0  |8 A  |9 485626  |a BIBEDU  |b BIBEDU  |i 5426383  |o Ch863 MAR 2015  |p 5426383  |r 2019-11-24  |w 2019-11-24  |y BK  |z Catalogado en:20170929  |k LIT